|
|
|
|
| LEADER |
00775cam a2200217 7i4500 |
| 001 |
0000005662 |
| 005 |
20170218090000.0 |
| 020 |
|
|
|a 9781560521310
|
| 020 |
|
|
|a 1560521317 (pbk.)
|
| 090 |
0 |
0 |
|a HF5548.83
|b .H38 1992
|
| 100 |
1 |
|
|a Hathaway, Patti
|
| 245 |
1 |
0 |
|a Managing upward :
|b strategies for succeeding with your boss
|c Patti Hathaway and Susan D. Schubert.
|
| 260 |
|
|
|a Los Angeles:
|b Crisp Pub.,
|c 1992.
|
| 300 |
|
|
|a iv, 118 p.:
|b ill.;
|c 26 cm.
|
| 490 |
0 |
|
|a The Fifty-Minute series book
|
| 650 |
0 |
0 |
|a Managing your boss
|
| 650 |
0 |
0 |
|a Managing your boss --
|x Problems, exercises, etc
|
| 700 |
1 |
|
|a Schubert, Susan D
|
| 997 |
|
|
|a Business & Accountancy, Faculty
|
| 998 |
|
|
|a Human Resource Management, Degree
|
| 999 |
|
|
|a 0000009265
|b BOK
|c OPEN SHELF
|e 1st Floor, Shah Alam
|